000 00902cam a2200241 i 4500
999 _c7616
_d7616
003 OSt
005 20200317104212.0
008 170602s2018 enk b 001 0 eng
020 _a9781138203884 (pbk. : alk. paper)
040 _aDLC
_beng
_cDLC
_erda
_dDLC
082 0 0 _a720.913
_223
_bRIL
245 0 0 _aBuilding design, construction and performance in tropical climates /
_cedited by Mike Riley, Alison Cotgrave and Michael Farragher.
300 _axiii, 271 pages ;
_c26 cm
504 _aIncludes bibliographical references and index.
650 0 _aBuilding
_xTropical conditions.
650 0 _aStructural design
_xTropical conditions.
650 0 _aBuilding materials
_xEffect of temperature on.
650 0 _aBuilding materials
_xEnvironmental aspects.
700 1 _aRiley, Mike,
_d1964-
_eeditor.
700 1 _aCotgrave, Alison,
_eeditor.
700 1 _aFarragher, Michael,
_eeditor.
942 _2ddc